KOHA-Header-6

International Conference on Sindh (Record no. 13430)

000 -LEADER
fixed length control field 00300nam a22001097a 4500
020 ## - INTERNATIONAL STANDARD BOOK NUMBER
ISBN 96984470919
100 ## - MAIN ENTRY--AUTHOR NAME
Personal name Dr. Fahmida Hussain
245 ## - TITLE STATEMENT
Title International Conference on Sindh
Remainder of title Past, Present & Future
260 ## - PUBLICATION, DISTRIBUTION, ETC. (IMPRINT)
Place of publication Karachi
Name of publisher Shah Abdul Latif Bhitai Chair
Year of publication 2006
300 ## - PHYSICAL DESCRIPTION
Number of Pages 264 pages
942 ## - ADDED ENTRY ELEMENTS (KOHA)
Koha item type Books
Holdings
Withdrawn status Lost status Collection code Permanent Location Current Location Shelving location Date acquired Accession Number Koha item type
    English Literature MAJU MAJU Shelf No.A15 2022-11-22 10532 Books

Powered by Koha